000 00325nam a2200133Ia 4500
008 230818s2000 xx 000 0 und d
041 _aeng
100 _aShiring S.B.
245 _aIntraoduction to catering
260 _bDelmar pub.
_c2000
300 _a398p
520 _aGeneral | Hard Board
999 _c854657
_d854657
650 _aFood Production